Finance : (Record no. 5241)

MARC details
000 -LEADER
fixed length control field 00687nam a22002057a 4500
008 - FIXED-LENGTH DATA ELEMENTS--GENERAL INFORMATION
fixed length control field 130210t xxu||||| |||| 00| 0 eng d
020 ## - INTERNATIONAL STANDARD BOOK NUMBER
International Standard Book Number 9-7800-7131-4862
082 ## - DEWEY DECIMAL CLASSIFICATION NUMBER
Edition number 22 ed.
Classification number 338.6041 COR
100 ## - MAIN ENTRY--PERSONAL NAME
Personal name Cornett, Marcia Millon
9 (RLIN) 1874
245 ## - TITLE STATEMENT
Title Finance :
Remainder of title applications and theory /
Statement of responsibility, etc Marcia Millon Cornett, Troy A. Adair Jr and John Nofsinger
250 ## - EDITION STATEMENT
Edition statement 2 ed.
260 ## - PUBLICATION, DISTRIBUTION, ETC. (IMPRINT)
Place of publication, distribution, etc New York :
Name of publisher, distributor, etc McGraw-Hill/Irwin
Date of publication, distribution, etc 2012
300 ## - PHYSICAL DESCRIPTION
Extent xxxiv, 702 P. ;
Other physical details Col.ill. :
Dimensions 28 cm.
500 ## - GENERAL NOTE
General note Includes Index
650 ## - SUBJECT ADDED ENTRY--TOPICAL TERM
Topical term or geographic name as entry element Finance
9 (RLIN) 1875
650 ## - SUBJECT ADDED ENTRY--TOPICAL TERM
Topical term or geographic name as entry element Finance-applications and theory
9 (RLIN) 6861
700 ## - ADDED ENTRY--PERSONAL NAME
Personal name Adair, Troy A Jr
9 (RLIN) 6862
700 ## - ADDED ENTRY--PERSONAL NAME
Personal name Nofsinger, John
9 (RLIN) 6863
942 ## - ADDED ENTRY ELEMENTS (KOHA)
Source of classification or shelving scheme Dewey Decimal Classification
Item type Books
Holdings
Withdrawn status Lost status Source of classification or shelving scheme Damaged status Not for loan Home library Current library Shelving location Date acquired Total Checkouts Full call number Barcode Date last seen Price effective from Koha item type Public note
    Dewey Decimal Classification     Law Development Centre Main Library Law Development Centre Main Library Text Books and Laws 02/10/2013   338.6041 COR 4184/2013 02/10/2013 02/10/2013 Books Reserve
    Dewey Decimal Classification     Law Development Centre Main Library Law Development Centre Main Library Text Books and Laws 02/10/2013   338.6041 COR 4185/2013 02/10/2013 02/10/2013 Books Reserve
    Dewey Decimal Classification     Law Development Centre Main Library Law Development Centre Main Library Text Books and Laws 02/10/2013   338.6041 COR 4186/2013 02/10/2013 02/10/2013 Books Reserve